Celebrities in Recovery! #4 - Statistics

General Stats
  • This quiz has been taken 20 times
  • The average score is 9 of 16
Answer Stats
Picture Answer % Correct
Katy Perry
90%
Yoko Ono
80%
Gwyneth Paltrow
75%
Lady Gaga
75%
J. K. Rowling
70%
Kirsten Dunst
60%
Kristen Bell
60%
Paula Abdul
60%
Alanis Morissette
55%
Jane Fonda
55%
Naomi Campbell
45%
Eva Mendes
40%
Sheryl Crow
40%
Kristin Davis
35%
Stevie Nicks
35%
Kat Von D
25%
No matching quizzes found
Score Distribution
Percent of People with Each Score
Percentile by Number Answered
Your Score History
You have not taken this quiz